000 01260nam0a2200373 4500
001 RU\NLR\bibl\91420
005 20260406151442.0
010 _a5-8159-0060-5
_915000
021 _aRU
_b2000-5911
_9297
021 _aRU
_b2000-35404
_91640
035 _a(NLR Aleph) 000089347
090 _a500741
_c500741
100 _a20000609d2000 |||y0rusy50 ca
101 0 _arus
102 _aRU
105 _ay |||||||||
200 1 _aСтатский советник
_eРоман
_fБ. Акунин
210 _aМ.
_cЗахаров
_d2000
215 _a284 с.
_d21
225 1 _aЛитературный проект Б. Акунина "Приключения Эраста Фандорина"
225 1 _aНовый детективъ
320 _aДр. произведения авт. на авантит.
333 _a18+
686 _aШ6(2=Р)75-446
700 1 _4070
_8rus
_7ca
_aАкунин
_bБ.
_gБорис
_f1956-
_3RU\NLR\auth\775367
_9115331
801 0 _aRU
_bNLR
_c20000609
_gPSBO
801 1 _aRU
_bNLR
_c20000609
852 _aNLR
_j2000-3/4642
942 _cBOOK
980 _aNB
980 _aIA
996 _aиноагент
_bp
_cЧхартишвили Григорий Шалвович